Cazadores de invisible (Record no. 189043)
[ view plain ]
| 000 -LEADER | |
|---|---|
| campo de control de longitud fija | 01326nam a2200325 i 4500 |
| 001 - NÚMERO DE CONTROL | |
| campo de control | 189043 |
| 003 - IDENTIFICADOR DE NÚMERO DE CONTROL | |
| campo de control | ES-MaACL |
| 005 - FECHA Y HORA DE LA ÚLTIMA TRANSACCIÓN | |
| campo de control | 20240612125439.0 |
| 008 - DATOS DE LONGITUD FIJA--INFORMACIÓN GENERAL | |
| campo de control de longitud fija | 190325s2013 mx |||| | spa d |
| 020 ## - NÚMERO INTERNACIONAL ESTÁNDAR DEL LIBRO | |
| Número Internacional Estándar del Libro | 978-607-495-308-4 |
| 100 1# - ENTRADA PRINCIPAL--NOMBRE DE PERSONA | |
| Nombre de persona | Vázquez, Felipe. |
| 9 (RLIN) | 166674 |
| 245 10 - MENCIÓN DEL TÍTULO | |
| Título | Cazadores de invisible |
| Resto del título | : antología personal / |
| Mención de responsabilidad, etc. | Felipe Vázquez ; prólogo, Armando Oviedo. |
| 250 ## - MENCION DE EDICION | |
| Mención de edición | 1ª ed. |
| 260 ## - PUBLICACIÓN, DISTRIBUCIÓN, ETC. | |
| Lugar de publicación, distribución, etc. | Toluca de Lerdo, Estado de México : |
| Nombre del editor, distribuidor, etc. | Fondo Editorial Estado de México, |
| Fecha de publicación, distribución, etc. | 2013. |
| 300 ## - DESCRIPCIÓN FÍSICA | |
| Extensión | 291 p. ; |
| Dimensiones | 24 cm + |
| Material acompañante/anejo | 1 CD-ROM |
| 490 1# - MENCIÓN DE SERIE | |
| Mención de serie | Letras. Summa de días |
| 504 ## - NOTA DE BIBLIOGRAFÍA, ETC. | |
| Nota de bibliografía, etc. | Bibliografía: p. 290-291. |
| 505 8# - NOTA DE CONTENIDO CON FORMATO | |
| Nota de contenido con formato | Contiene: Juan José Arreola ; Atisbos ; Ensayos de ficción ; Conjeturas |
| 530 ## - NOTA DISPONIBLE DE FORMULARIO FÍSICO ADICIONAL | |
| Nota de formato físico adicional disponible | Disponible en formato digital. |
| 600 14 - PUNTO DE ACCESO ADICIONAL DE MATERIA--NOMBRE DE PERSONA | |
| Nombre de persona | Arreola, Juan José- |
| Subdivisión general | Crítica e interpretación. |
| 9 (RLIN) | 173351 |
| 650 #4 - PUNTO DE ACCESO ADICIONAL DE MATERIA--TÉRMINO DE MATERIA | |
| Término de materia o nombre geográfico como elemento de entrada | Poesía mexicana- |
| Subdivisión general | Historia y crítica. |
| 9 (RLIN) | 166675 |
| 700 1# - ENTRADA AGREGADA--NOMBRE PERSONAL | |
| Nombre de persona | Oviedo, Armando. |
| 9 (RLIN) | 166676 |
| 830 1# - PUNTO DE ACCESO ADICIONAL DE SERIE-TÍTULO UNIFORME | |
| Título uniforme | Letras. Summa de días |
| 9 (RLIN) | 225762 |
| 852 ## - LOCALIZACIÓN | |
| Ubicación | ES-MaACL |
| Número de control de estantería | A-14432 |
| itemnumber | 196180 |
| Sublocalización o colección | R.151768 |
| Ubicación en estantería | Depósito 1 |
| Signatura antigua | Olim: N-7432 |
| Donativo/Legado | Donacion: Raúl Morales |
| 852 ## - LOCALIZACIÓN | |
| Ubicación | ES-MaACL |
| Número de control de estantería | ROT 6/2/35 |
| itemnumber | 203355 |
| Ubicación en estantería | Depósito 1 |
| Donativo/Legado | Donacion: Raúl Morales |
| 903 ## - NOMBRE PERSONAL DE DONANTE | |
| 9 | 166683 |
| a | Morales Góngora, Raúl |
| e | Donante |
| 942 ## - ELEMENTOS DE ENTRADA SECUNDARIOS (KOHA) | |
| Fuente del sistema de clasificación o colocación | Clasificación decimal universal |
| Tipo de ítem Koha | Libro impreso |
| Estatus retirado | Estado de pérdida | Fuente del sistema de clasificación o colocación | Estado de daño | No para préstamo | Biblioteca de origen | Biblioteca actual | Ubicación en estantería | Fecha de adquisición | Fuente de adquisición | Total de préstamos | Signatura topográfica completa | Código de barras | Visto por última vez | Precio de reemplazo | Tipo de ítem Koha |
|---|---|---|---|---|---|---|---|---|---|---|---|---|---|---|---|
| Clasificación decimal universal | Biblioteca del Ateneo de Madrid | Biblioteca del Ateneo de Madrid | Depósito 1 | 25/03/2019 | Donación | A-14432 | 1200213 | 23/02/2023 | 23/02/2023 | Libro impreso | |||||
| Clasificación decimal universal | Biblioteca del Ateneo de Madrid | Biblioteca del Ateneo de Madrid | Rotativo | 11/06/2024 | Donación | ROT 6/2/35 | 101228395 | 11/06/2024 | 11/06/2024 | Archivo de ordenador en CD-ROM, CD o disquete |
